书目信息 |
| 题名: |
少年儿童卫生保健常识
|
|
| 作者: | 高影君 | |
| 分册: | ||
| 出版信息: | 北京 北京师范大学 1981 |
|
| 页数: | 167页 | |
| 开本: | 19cm | |
| 丛书名: | ||
| 单 册: | ||
| 中图分类: | R17 | |
| 科图分类: | ||
| 主题词: | 妇幼卫生 | |
| 电子资源: | ||
| ISBN: | ||
| 000 | 00505nam0 2200181 450 | |
| 001 | 0753865015 | |
| 005 | 20070818145745.01 | |
| 010 | @d¥0.45 | |
| 100 | @a20070818d km y0chiy0120 ea | |
| 101 | 0 | @achi |
| 200 | 1 | @a少年儿童卫生保健常识@Ashao nian er tong wei sheng bao jian chang shi@f高影君@Fgao ying jun |
| 210 | @a北京@c北京师范大学@d1981 | |
| 215 | @a167页@d19cm | |
| 606 | 0 | @a妇幼卫生 |
| 690 | @aR17@v3 | |
| 701 | 0 | @a高影君@Agao ying jun |
| 801 | 0 | @aCN@bPFT@c20070818 |
| 905 | @a213230@dR17@ee1@f1 | |
| 少年儿童卫生保健常识/高影君.-北京:北京师范大学,1981 |
| 167页;19cm |
| ISBN :¥0.45 |
| ● |
| 相关链接 |
|
|
|
|
正题名:少年儿童卫生保健常识
索取号:R17/e1
 
预约/预借
| 序号 | 登录号 | 条形码 | 馆藏地/架位号 | 状态 | 备注 |
| 1 | 6303812 | 263038126 | 教育系资料室/ [索取号:R17/e1] | 在馆 |